[Event "CHI-ch sf"]
[Site "Quilpue"]
[Date "2020.02.02"]
[Round "8"]
[White "Rakela Rodriguez, Juan"]
[Black "Arevalo Shuttleton, Felipe"]
[Result "0-1"]
[WhiteElo "1927"]
[BlackElo "1887"]
[PlyCount "133"]
[EventDate "2020.01.30"]
[EventType "swiss"]
[EventRounds "8"]
[EventCountry "CHI"]
[SourceTitle "CBM 194 Extra"]
[Source "ChessBase"]
[SourceDate "2020.03.31"]
[SourceVersion "1"]
[SourceVersionDate "2020.03.31"]
[SourceQuality "1"]

1. d4 Nf6 2. c4 e6 3. Nf3 Bb4+ 4. Nbd2 d6 5. Qc2 Bxd2+ 6. Bxd2 Nc6 7. e4 e5 8. Bc3 Qe7 9. Bd3 0-0 10. h3 Nh5 11. d5 Nb8 12. g3 Nd7 13. Bb4 Nc5 14. Bxc5 dxc5 15. 0-0-0 a6 16. Kb1 Bd7 17. Rc1 Rfb8 18. Be2 b5 19. Qc3 Nf6 20. Nd2 Ra7 21. g4 Rab7 22. f3 Ne8 23. Rh2 Nd6 24. b3 Qg5 25. Bf1 Qf4 26. Rg2 b4 27. Qd3 a5 28. Be2 Ra7 29. Bd1 Rba8 30. Rc2 a4 31. Rb2 axb3 32. Bxb3 Nb7 33. Nf1 Ba4 34. Qe3 Qf6 35. Rgc2 Bxb3 36. Rxb3 Ra3 37. Nd2 Qh4 38. Rxa3 Rxa3 39. Nb3 Qxh3 40. Qg5 Qh1+ 41. Kb2 Ra8 42. Qxe5 Nd6 43. Qe7 Qf1 44. Nd2 Qd3 45. Qxc7 Qd4+ 46. Kb1 Ne8 47. Qc6 Rb8 48. Nb3 Qd1+ 49. Kb2 Qxf3 50. d6 Qf6+ 51. Kb1 Nxd6 52. Qd5 Qe7 53. Nxc5 h6 54. e5 Nc8 55. e6 fxe6 56. Qxe6+ Qxe6 57. Nxe6 b3 58. axb3 Rxb3+ 59. Ka2 Kf7 60. Nd8+ Ke8 61. Ne6 Kf7 62. Nd8+ Ke7 63. Nc6+ Kd7 64. Na5 Rg3 65. Rd2+ Kc7 66. Rd4 Kb6 67. Nb3 0-1

[Event "CHI-ch sf"]
[Site "Quilpue"]
[Date "2020.02.01"]
[Round "6"]
[White "Rakela Rodriguez, Juan"]
[Black "Milla Ramirez, Luis Domingo"]
[Result "1/2-1/2"]
[WhiteElo "1927"]
[BlackElo "2104"]
[PlyCount "84"]
[EventDate "2020.01.30"]
[EventType "swiss"]
[EventRounds "8"]
[EventCountry "CHI"]
[SourceTitle "CBM 194 Extra"]
[Source "ChessBase"]
[SourceDate "2020.03.31"]
[SourceVersion "1"]
[SourceVersionDate "2020.03.31"]
[SourceQuality "1"]

1. d4 d5 2. Nf3 Nf6 3. c4 c6 4. Nc3 a6 5. cxd5 cxd5 6. Bg5 Ne4 7. Bh4 Nc6 8. e3 Qa5 9. Qb3 e6 10. Bd3 Nb4 11. Bb1 Bd7 12. a4 Bb5 13. axb5 Qxa1 14. 0-0 Qa5 15. bxa6 Qxa6 16. Nxe4 dxe4 17. Bxe4 Rc8 18. Ne5 f6 19. Nd3 Qc4 20. Qxc4 Rxc4 21. b3 Rc3 22. Nxb4 Bxb4 23. Bxb7 Rxb3 24. Bg3 Kd7 25. d5 exd5 26. Bxd5 Rb2 27. h3 Bd6 28. Bxd6 Kxd6 29. Bf3 Rhb8 30. Rd1+ Ke7 31. Be4 g6 32. g4 Rd8 33. Rf1 Rdd2 34. Kg2 Kf7 35. Kg3 Rb4 36. Bf3 Rbb2 37. Be4 Ke6 38. Bf3 Ke5 39. Bg2 Ke6 40. Bf3 Kd6 41. Be4 Rb4 42. Bf3 Ke5 1/2-1/2

[Event "Santiago Endesa 16"]
[Site "Santiago de Chile"]
[Date "2008.09.05"]
[Round "9"]
[White "Rakela Rodriguez, Juan"]
[Black "Lopez Silva, Hugo Andres"]
[Result "0-1"]
[WhiteElo "1986"]
[BlackElo "2394"]
[PlyCount "68"]
[EventDate "2008.08.18"]
[EventType "tourn"]
[EventRounds "11"]
[EventCountry "CHI"]
[SourceTitle "EXT 2012"]
[Source "ChessBase"]
[SourceDate "2011.11.24"]
[SourceVersion "1"]
[SourceVersionDate "2011.11.24"]
[SourceQuality "1"]

1. e4 e5 2. Nf3 Nc6 3. Bc4 Bc5 4. 0-0 d6 5. h3 Qf6 6. Nc3 Nge7 7. d3 0-0 8. Na4 Bb6 9. Nxb6 axb6 10. Bg5 Qg6 11. c3 Kh8 12. Bxe7 Nxe7 13. Kh2 f5 14. Nh4 Qg5 15. Nxf5 Bxf5 16. exf5 Rxf5 17. Be6 Rf6 18. Bg4 Raf8 19. Bf3 Rxf3 20. gxf3 Qf4+ 21. Kg2 Nf5 22. Rh1 d5 23. Qe2 h6 24. Kf1 e4 25. dxe4 dxe4 26. Rd1 exf3 27. Qd3 Rf6 28. b3 Qg5 29. Rg1 Qh5 30. Rh1 Qg5 31. Rg1 Qh5 32. Rh1 Rd6 33. Qc2 Qg6 34. Ke1 Ne3 0-1

[Event "Santiago Endesa 16"]
[Site "Santiago de Chile"]
[Date "2008.09.03"]
[Round "8"]
[White "Abello Farias, Javier Fernando"]
[Black "Rakela Rodriguez, Juan"]
[Result "1-0"]
[WhiteElo "2048"]
[BlackElo "1986"]
[PlyCount "141"]
[EventDate "2008.08.18"]
[EventType "tourn"]
[EventRounds "11"]
[EventCountry "CHI"]
[SourceTitle "EXT 2012"]
[Source "ChessBase"]
[SourceDate "2011.11.24"]
[SourceVersion "1"]
[SourceVersionDate "2011.11.24"]
[SourceQuality "1"]

1. d4 d5 2. c4 e6 3. Nc3 Nf6 4. Nf3 c6 5. Bg5 Nbd7 6. e3 Be7 7. Qc2 h6 8. Bh4 0-0 9. Rd1 Re8 10. a3 Nh5 11. Bxe7 Qxe7 12. Be2 Nhf6 13. 0-0 dxc4 14. Bxc4 Nb6 15. Ba2 Nbd7 16. Ne2 Nh7 17. Bb1 Nhf8 18. e4 Nf6 19. e5 N6d7 20. Rc1 Nb6 21. Ng3 Bd7 22. Ne4 Nc8 23. Nfd2 Rd8 24. Nc4 Be8 25. Ncd6 Nxd6 26. Nxd6 f6 27. Nxe8 Rxe8 28. exf6 Qxf6 29. Qb3 Re7 30. Rfd1 Rd8 31. Qb4 Red7 32. h3 g6 33. Ba2 Kg7 34. Bb3 Rf7 35. Rd2 Qf4 36. Rcd1 Qd6 37. Qc3 Kh7 38. Bc2 Rfd7 39. Re2 Qf4 40. Re4 Qf6 41. h4 Rd5 42. g3 c5 43. Rf4 Qg7 44. Qf3 Kg8 45. dxc5 Rxd1+ 46. Bxd1 Qxb2 47. Kg2 Qg7 48. Rb4 Rd7 49. Bb3 Rf7 50. Qe3 Rf6 51. Qe4 Qc7 52. Qd4 Qc6+ 53. Kg1 Nd7 54. Ba4 Qxc5 55. Bxd7 Qxd4 56. Rxd4 e5 57. Rd3 Kf7 58. Rb3 b6 59. Rb5 Rd6 60. Bh3 Rd3 61. a4 Ra3 62. a5 bxa5 63. Rxe5 Ra1+ 64. Kg2 a4 65. Ra5 a3 66. Rxa7+ Kf6 67. Ra6+ Kg7 68. Be6 g5 69. h5 Kf6 70. Bb3+ Ke5 71. Rxh6 1-0

[Event "Santiago Endesa 16"]
[Site "Santiago de Chile"]
[Date "2008.08.25"]
[Round "4"]
[White "Bombardiere Rosas, Eduardo"]
[Black "Rakela Rodriguez, Juan"]
[Result "1-0"]
[WhiteElo "2280"]
[BlackElo "1986"]
[PlyCount "103"]
[EventDate "2008.08.18"]
[EventType "tourn"]
[EventRounds "11"]
[EventCountry "CHI"]
[SourceTitle "EXT 2012"]
[Source "ChessBase"]
[SourceDate "2011.11.24"]
[SourceVersion "1"]
[SourceVersionDate "2011.11.24"]
[SourceQuality "1"]

1. c4 c6 2. Nf3 Nf6 3. Nc3 g6 4. d4 d5 5. e3 Bg7 6. Bd3 0-0 7. a3 Bg4 8. h3 Bxf3 9. Qxf3 Re8 10. 0-0 dxc4 11. Bxc4 Nbd7 12. Rd1 Nb6 13. Ba2 Nbd5 14. Bd2 Nxc3 15. bxc3 e6 16. Rab1 Qd7 17. e4 Kh8 18. Bg5 Ng8 19. e5 Rab8 20. a4 h6 21. Be3 b6 22. c4 Qc7 23. Bf4 Rbd8 24. Qe3 g5 25. Bh2 Qd7 26. Bb3 Ne7 27. g4 Ng6 28. Bc2 Rf8 29. Qe4 Rg8 30. f4 f5 31. exf6 Bxf6 32. fxg5 hxg5 33. Be5 Bxe5 34. dxe5 Qc7 35. Rxd8 Qxd8 36. Rd1 Qc7 37. Rd6 Qf7 38. Qe3 Nh4 39. Be4 Rf8 40. Rd1 Nf3+ 41. Kh1 Nxe5 42. Qxg5 Qg7 43. Qh5+ Kg8 44. Re1 Nxc4 45. Bd3 b5 46. axb5 cxb5 47. Qxb5 Nd6 48. Qh5 Qf7 49. Qg6+ Kh8 50. Qh6+ Kg8 51. Rf1 Qg7 52. Bh7+ 1-0

[Event "Santiago Endesa 16"]
[Site "Santiago de Chile"]
[Date "2008.08.18"]
[Round "1"]
[White "Rakela Rodriguez, Juan"]
[Black "Caurapan Osses, Jaime"]
[Result "1/2-1/2"]
[WhiteElo "1986"]
[BlackElo "2208"]
[PlyCount "63"]
[EventDate "2008.08.18"]
[EventType "tourn"]
[EventRounds "11"]
[EventCountry "CHI"]
[SourceTitle "EXT 2012"]
[Source "ChessBase"]
[SourceDate "2011.11.24"]
[SourceVersion "1"]
[SourceVersionDate "2011.11.24"]
[SourceQuality "1"]

1. d4 Nf6 2. c4 g6 3. Nc3 Bg7 4. e4 d6 5. f3 0-0 6. Be3 Re8 7. Qd2 Na6 8. 0-0-0 c6 9. g4 Qa5 10. Kb1 Bd7 11. Nd5 Qa4 12. Nxf6+ Bxf6 13. g5 Bg7 14. Ne2 Qxc4 15. h4 c5 16. Nf4 Qa4 17. Bxa6 cxd4 18. Bxd4 e5 19. Bc3 bxa6 20. Nd5 Be6 21. h5 Rab8 22. hxg6 hxg6 23. Rh2 Bxd5 24. Qxd5 Rb6 25. Rhd2 Rc8 26. Rc1 Bf8 27. Rcc2 Bg7 28. Ka1 Rbc6 29. Re2 Qb5 30. Rcd2 Qb4 31. Rd1 Bf8 32. Rh2 1/2-1/2

[Event "Santiago Endesa 10"]
[Site "Santiago de Chile"]
[Date "2008.08.04"]
[Round "9"]
[White "Velasquez Ojeda, Cesar"]
[Black "Rakela Rodriguez, Juan"]
[Result "1/2-1/2"]
[WhiteElo "2282"]
[BlackElo "1986"]
[PlyCount "27"]
[EventDate "2008.06.30"]
[EventType "tourn"]
[EventRounds "9"]
[EventCountry "CHI"]
[SourceTitle "EXT 2012"]
[Source "ChessBase"]
[SourceDate "2011.11.24"]
[SourceVersion "1"]
[SourceVersionDate "2011.11.24"]
[SourceQuality "1"]

1. e4 c6 2. Nc3 d5 3. Qf3 d4 4. Bc4 e6 5. Nce2 c5 6. Qg3 Nc6 7. d3 g6 8. h4 h5 9. Bg5 Qa5+ 10. Bd2 Qb6 11. Nf3 Na5 12. Bb3 Bd7 13. Ne5 Bd6 14. Bf4 1/2-1/2

[Event "Santiago Endesa 10"]
[Site "Santiago de Chile"]
[Date "2008.07.30"]
[Round "8"]
[White "Rakela Rodriguez, Juan"]
[Black "Caceres Vasquez, Sergio"]
[Result "0-1"]
[WhiteElo "1986"]
[BlackElo "2159"]
[PlyCount "64"]
[EventDate "2008.06.30"]
[EventType "tourn"]
[EventRounds "9"]
[EventCountry "CHI"]
[SourceTitle "EXT 2012"]
[Source "ChessBase"]
[SourceDate "2011.11.24"]
[SourceVersion "1"]
[SourceVersionDate "2011.11.24"]
[SourceQuality "1"]

1. d4 Nf6 2. c4 e6 3. Nf3 Bb4+ 4. Nbd2 b6 5. a3 Bxd2+ 6. Bxd2 Bb7 7. e3 0-0 8. Bd3 Ne4 9. 0-0 d6 10. Qc2 f5 11. b4 Nd7 12. Bc1 Rf6 13. Nd2 Rh6 14. Nxe4 fxe4 15. Be2 Qh4 16. h3 Rg6 17. Kh2 Rf8 18. Bd1 Qg5 19. Rg1 Nf6 20. Ra2 Bc8 21. Qe2 e5 22. Qe1 exd4 23. f4 exf3 24. Bxf3 Qe5+ 25. Kh1 Ne4 26. Bxe4 Qxe4 27. exd4 Qxd4 28. Qe2 Bxh3 29. Be3 Qh4 30. gxh3 Qxh3+ 31. Qh2 Qxe3 32. Rxg6 hxg6 0-1

[Event "Santiago Endesa 10"]
[Site "Santiago de Chile"]
[Date "2008.07.21"]
[Round "5"]
[White "Domeyko Balmaceda, Carlos"]
[Black "Rakela Rodriguez, Juan"]
[Result "1-0"]
[WhiteElo "1806"]
[BlackElo "1986"]
[PlyCount "138"]
[EventDate "2008.06.30"]
[EventType "tourn"]
[EventRounds "9"]
[EventCountry "CHI"]
[SourceTitle "EXT 2012"]
[Source "ChessBase"]
[SourceDate "2011.11.24"]
[SourceVersion "1"]
[SourceVersionDate "2011.11.24"]
[SourceQuality "1"]

1. d4 d5 2. Nf3 Nf6 3. c4 e6 4. Nc3 c6 5. e3 Nbd7 6. Bd3 Be7 7. 0-0 0-0 8. e4 dxe4 9. Nxe4 Nxe4 10. Bxe4 Nf6 11. Bc2 b6 12. Qd3 Bb7 13. Bg5 g6 14. Rad1 Qc7 15. Rfe1 Rfe8 16. h3 Rad8 17. Qc3 Nh5 18. Bh6 Bf8 19. Qe3 c5 20. Bxf8 Bxf3 21. Bh6 Bxd1 22. Bxd1 Ng7 23. dxc5 Nf5 24. cxb6 axb6 25. Qf4 e5 26. Qc1 Nxh6 27. Qxh6 Qxc4 28. Bb3 Qf4 29. Qxf4 exf4 30. Rc1 Re7 31. Rc6 Rb8 32. h4 Rbb7 33. Rf6 Kg7 34. Rxf4 Re1+ 35. Kh2 Re2 36. Kg3 Rxb2 37. Rb4 Rd2 38. Rb5 Rd6 39. h5 Rc7 40. hxg6 hxg6 41. Re5 Rc5 42. Re7 Rf5 43. Re2 Kf6 44. f3 b5 45. Rc2 Rd7 46. Rc6+ Ke7 47. Rc2 Re5 48. f4 Re3+ 49. Kg4 Red3 50. Rc5 b4 51. Re5+ Kf6 52. Re8 Rxb3 53. axb3 Rd3 54. Rb8 Rxb3 55. g3 Rb1 56. Rb6+ Kg7 57. Kg5 b3 58. f5 gxf5 59. Kxf5 b2 60. Kg4 f6 61. Rb8 Kf7 62. Rb4 Ke6 63. Rb6+ Ke5 64. Rb5+ Kd4 65. Rb8 f5+ 66. Kg5 Ke4 67. Rb4+ Kd3 68. Rb8 Ke3 69. Rb3+ Kd4 1-0

[Event "Santiago Endesa 10"]
[Site "Santiago de Chile"]
[Date "2008.07.14"]
[Round "4"]
[White "Rakela Rodriguez, Juan"]
[Black "Morales Garcia, Hugo"]
[Result "0-1"]
[WhiteElo "1986"]
[BlackElo "2087"]
[PlyCount "50"]
[EventDate "2008.06.30"]
[EventType "tourn"]
[EventRounds "9"]
[EventCountry "CHI"]
[SourceTitle "EXT 2012"]
[Source "ChessBase"]
[SourceDate "2011.11.24"]
[SourceVersion "1"]
[SourceVersionDate "2011.11.24"]
[SourceQuality "1"]

1. d4 Nf6 2. c4 e5 3. d5 Bc5 4. Nc3 d6 5. e4 0-0 6. Bd3 Ng4 7. Nh3 h6 8. Qe2 a5 9. Bd2 Qh4 10. Qf3 Na6 11. a3 Bd7 12. Qg3 Qxg3 13. hxg3 Bd4 14. Ke2 Nc5 15. Bc2 Nf6 16. Ng1 Bxc3 17. Bxc3 Nfxe4 18. Be1 b5 19. b4 axb4 20. Bxb4 bxc4 21. Ke3 f5 22. Nf3 Nd3 23. Bxd3 cxd3 24. Rac1 Nf6 25. Kd2 Nxd5 0-1

[Event "Santiago Endesa 10"]
[Site "Santiago de Chile"]
[Date "2008.07.07"]
[Round "3"]
[White "Rakela Rodriguez, Juan"]
[Black "Cuevas Araya, Walter"]
[Result "0-1"]
[WhiteElo "1986"]
[BlackElo "2182"]
[PlyCount "168"]
[EventDate "2008.06.30"]
[EventType "tourn"]
[EventRounds "9"]
[EventCountry "CHI"]
[SourceTitle "EXT 2012"]
[Source "ChessBase"]
[SourceDate "2011.11.24"]
[SourceVersion "1"]
[SourceVersionDate "2011.11.24"]
[SourceQuality "1"]

1. d4 Nf6 2. c4 g6 3. Nc3 Bg7 4. e4 d6 5. f3 0-0 6. Be3 c5 7. Nge2 Nc6 8. Qd2 cxd4 9. Nxd4 Nxd4 10. Bxd4 Be6 11. Be2 a6 12. 0-0 Rc8 13. Nd5 Nh5 14. Bxg7 Nxg7 15. Qd4 Bxd5 16. cxd5 e5 17. Qb4 Qg5 18. f4 exf4 19. Qd2 Qe5 20. Rxf4 f5 21. exf5 Rxf5 22. Raf1 Rcf8 23. Rxf5 Rxf5 24. Bf3 Qe8 25. Re1 Re5 26. Kf2 Rxe1 27. Qxe1 Qxe1+ 28. Kxe1 Kf7 29. Ke2 Kf6 30. Bg4 Nf5 31. Kd3 Ke5 32. a4 Ne7 33. Kc4 Nxd5 34. Bf3 Nb6+ 35. Kb4 d5 36. a5 Nd7 37. Bg4 Kd6 38. Kc3 Ne5 39. Bc8 Kc7 40. Be6 Kd6 41. Bc8 Kc6 42. Kd4 Nc4 43. b4 Nd6 44. Be6 Nf5+ 45. Ke5 Ne7 46. g4 Kb5 47. Kd6 Kxb4 48. Kxe7 d4 49. g5 d3 50. Kf7 d2 51. Bg4 Kxa5 52. Kg7 b5 53. Kxh7 b4 54. Bd1 b3 55. Bxb3 Kb4 56. Bd1 a5 57. Kxg6 a4 58. Kh7 a3 59. g6 a2 60. g7 a1Q 61. Bg4 Qb1+ 62. Kh8 Qb2 63. h3 Qf6 64. Kh7 Qe7 65. Kg6 Qe8+ 66. Kh7 Qe4+ 67. Kh8 Qd4 68. Kh7 Qd3+ 69. Kh8 d1Q 70. Bxd1 Qxh3+ 71. Kg8 Qe6+ 72. Kh8 Qh6+ 73. Kg8 Kc5 74. Kf7 Qf4+ 75. Ke8 Qe5+ 76. Kf7 Qf5+ 77. Ke7 Qg6 78. Kf8 Qf6+ 79. Kg8 Kd6 80. Bc2 Ke6 81. Bb3+ Ke7 82. Kh7 Qh4+ 83. Kg8 Kf6 84. Kf8 Qb4+ 0-1

[Event "Santiago Endesa 05"]
[Site "Santiago de Chile"]
[Date "2008.06.09"]
[Round "6"]
[White "Rakela Rodriguez, Juan"]
[Black "Castiglione Alencastre, Aldo"]
[Result "1-0"]
[WhiteElo "1986"]
[BlackElo "2115"]
[PlyCount "83"]
[EventDate "2008.05.19"]
[EventType "tourn"]
[EventRounds "9"]
[EventCountry "CHI"]
[SourceTitle "EXT 2012"]
[Source "ChessBase"]
[SourceDate "2011.11.24"]
[SourceVersion "1"]
[SourceVersionDate "2011.11.24"]
[SourceQuality "1"]

1. d4 Nf6 2. c4 g6 3. Nc3 Bg7 4. e4 d6 5. f3 0-0 6. Be3 Nc6 7. Nge2 a6 8. Qd2 Re8 9. g4 Rb8 10. Ng3 e5 11. d5 Nd4 12. Be2 c5 13. dxc6 bxc6 14. 0-0 Be6 15. b3 Nd7 16. Rae1 Rf8 17. Bd3 Nc5 18. Bc2 Qe7 19. Nce2 Nxe2+ 20. Qxe2 d5 21. cxd5 cxd5 22. exd5 Bxd5 23. Ne4 Nxe4 24. Bxe4 Bxe4 25. fxe4 Qe6 26. Bc5 Rfd8 27. Rd1 Bf8 28. Be3 Be7 29. Kg2 Rbc8 30. h3 Qc6 31. Qf3 Qe6 32. Rf2 Rxd1 33. Qxd1 Rd8 34. Qe2 Qd7 35. Qxa6 Qd3 36. Qxd3 Rxd3 37. Bc1 Bc5 38. Rc2 Be3 39. Bxe3 Rxe3 40. Rb2 Rxe4 41. b4 Rd4 42. b5 1-0

[Event "Santiago Endesa 05"]
[Site "Santiago de Chile"]
[Date "2008.06.02"]
[Round "4"]
[White "Rakela Rodriguez, Juan"]
[Black "Bombardiere Rosas, Eduardo"]
[Result "1-0"]
[WhiteElo "1986"]
[BlackElo "2280"]
[PlyCount "151"]
[EventDate "2008.05.19"]
[EventType "tourn"]
[EventRounds "9"]
[EventCountry "CHI"]
[SourceTitle "EXT 2012"]
[Source "ChessBase"]
[SourceDate "2011.11.24"]
[SourceVersion "1"]
[SourceVersionDate "2011.11.24"]
[SourceQuality "1"]

1. d4 c6 2. c4 Nf6 3. Nc3 d5 4. Bg5 Nbd7 5. e3 Ne4 6. Nxe4 dxe4 7. Qd2 g6 8. Ne2 Bg7 9. Nc3 f5 10. Be2 Nf6 11. h4 h5 12. 0-0-0 0-0 13. f3 exf3 14. gxf3 Qe8 15. Rhg1 Kh7 16. Rg2 Be6 17. Rdg1 Bf7 18. Bd3 Rg8 19. e4 e6 20. e5 Nd7 21. Be3 c5 22. f4 cxd4 23. Bxd4 a6 24. Kb1 Qe7 25. Qf2 Rad8 26. Rd1 Rc8 27. Qg3 Bh6 28. Bf2 Nc5 29. Be2 Rcd8 30. Rgg1 b6 31. Qe3 Qc7 32. Bf3 Rxd1+ 33. Rxd1 Rd8 34. Rxd8 Qxd8 35. Kc2 Be8 36. Ne2 Qc8 37. b3 Bc6 38. Nd4 Bxf3 39. Nxf3 Qc6 40. Ng5+ Bxg5 41. hxg5 Qb7 42. Qd2 Qe4+ 43. Kc3 Qf3+ 44. Kc2 Qe4+ 45. Kc3 Qb7 46. Bxc5 bxc5 47. Qf2 Qb4+ 48. Kb2 Qa5 49. a3 Qc7 50. Kc3 Qc6 51. b4 cxb4+ 52. axb4 Qb7 53. Kb3 Qd7 54. Kc3 Kg8 55. Qf3 Qa7 56. c5 a5 57. Qc6 axb4+ 58. Kxb4 Kf7 59. Qc8 h4 60. Qh8 Qb7+ 61. Kc4 Qd5+ 62. Kb5 Qb3+ 63. Kc6 Qd5+ 64. Kb6 Qb3+ 65. Kc7 Qg3 66. Qf6+ Kg8 67. Qxe6+ Kh8 68. Qf6+ Kh7 69. Qf7+ Kh8 70. Qf8+ Kh7 71. Qh6+ Kg8 72. Qxg6+ Kf8 73. Qxf5+ Kg7 74. Qf6+ Kh7 75. Qh6+ Kg8 76. g6 1-0

[Event "Santiago Endesa 05"]
[Site "Santiago de Chile"]
[Date "2008.05.28"]
[Round "3"]
[White "Sepulveda Herrera, Job Rodrigo"]
[Black "Rakela Rodriguez, Juan"]
[Result "1-0"]
[WhiteElo "2325"]
[BlackElo "1986"]
[PlyCount "91"]
[EventDate "2008.05.19"]
[EventType "tourn"]
[EventRounds "9"]
[EventCountry "CHI"]
[SourceTitle "EXT 2012"]
[Source "ChessBase"]
[SourceDate "2011.11.24"]
[SourceVersion "1"]
[SourceVersionDate "2011.11.24"]
[SourceQuality "1"]

1. e4 e5 2. d4 exd4 3. Qxd4 Nc6 4. Qe3 Bb4+ 5. Nc3 d6 6. Bd2 Nge7 7. 0-0-0 0-0 8. f4 Ng6 9. h4 Bg4 10. Nf3 Bc5 11. Qe1 Nd4 12. Qg3 Bxf3 13. gxf3 a6 14. h5 Ne7 15. Rg1 g6 16. Bd3 Qe8 17. f5 Nec6 18. Nd5 Qe5 19. f4 Nxf5 20. fxe5 Nxg3 21. Rxg3 Nxe5 22. Nxc7 Rac8 23. Nd5 Kg7 24. h6+ Kh8 25. Bg5 Nd7 26. Rf1 f6 27. Nxf6 Ne5 28. Be2 Rc7 29. Nd5 Rxf1+ 30. Bxf1 Rf7 31. Be2 Rf2 32. Bf6+ Kg8 33. Bxe5 dxe5 34. Kd2 Rh2 35. Rc3 Bd6 36. Rc8+ Kf7 37. Rd8 Ke6 38. c4 Rh4 39. Rh8 Rxh6 40. Bg4+ Kf7 41. Rd8 Rh2+ 42. Kc3 h5 43. Rd7+ Ke8 44. Be6 Bc5 45. Nf6+ Kf8 46. Rf7# 1-0

[Event "Santiago Endesa 04"]
[Site "Santiago de Chile"]
[Date "2007.05.17"]
[Round "9"]
[White "Marin Munoz, Roque"]
[Black "Rakela Rodriguez, Juan"]
[Result "0-1"]
[WhiteElo "2139"]
[BlackElo "1986"]
[PlyCount "100"]
[EventDate "2007.04.18"]
[EventType "tourn"]
[EventRounds "9"]
[EventCountry "CHI"]
[SourceTitle "EXT 2008"]
[Source "ChessBase"]
[SourceDate "2007.11.25"]
[SourceVersion "1"]
[SourceVersionDate "2007.11.25"]
[SourceQuality "1"]

1. d4 d5 2. c4 e6 3. Nc3 Nf6 4. cxd5 exd5 5. Bg5 c6 6. e3 Be7 7. Bd3 Nbd7 8. Qc2 0-0 9. Nge2 Re8 10. 0-0 Nf8 11. f3 Nh5 12. Bxe7 Qxe7 13. e4 Be6 14. Qd2 dxe4 15. fxe4 Rad8 16. Rad1 Ng6 17. e5 Qh4 18. Ne4 Bd5 19. Qg5 Bxe4 20. Qxh4 Nxh4 21. Bxe4 g5 22. g4 Ng7 23. b4 a6 24. Bc2 Ne6 25. Bb3 Ng6 26. Bxe6 Rxe6 27. Nc3 Nf4 28. Ne4 Ne2+ 29. Kf2 Nxd4 30. Nxg5 Rxe5 31. h4 h6 32. Nf3 Re2+ 33. Kg3 Ne6 34. Rxd8+ Nxd8 35. Rd1 Ne6 36. Rd7 Rxa2 37. Rxb7 a5 38. bxa5 Rxa5 39. Rb6 Rc5 40. Kf2 Kg7 41. Ne1 Rc4 42. Kg3 Rc3+ 43. Kf2 c5 44. Nf3 Rc2+ 45. Ke3 Rg2 46. Ne5 Kf6 47. Nd7+ Ke7 48. Ne5 f6 49. Kf3 Rg1 50. Kf2 Ra1 0-1

[Event "Santiago Endesa 04"]
[Site "Santiago de Chile"]
[Date "2007.05.07"]
[Round "6"]
[White "Rakela Rodriguez, Juan"]
[Black "Abiuso, Diego"]
[Result "1-0"]
[WhiteElo "1986"]
[BlackElo "2110"]
[PlyCount "100"]
[EventDate "2007.04.18"]
[EventType "tourn"]
[EventRounds "9"]
[EventCountry "CHI"]
[SourceTitle "EXT 2008"]
[Source "ChessBase"]
[SourceDate "2007.11.25"]
[SourceVersion "1"]
[SourceVersionDate "2007.11.25"]
[SourceQuality "1"]

1. d4 Nf6 2. c4 c5 3. d5 b5 4. Nd2 d6 5. Qc2 g6 6. b3 Bg7 7. Bb2 0-0 8. e4 bxc4 9. Bxc4 Nbd7 10. Ngf3 Nb6 11. 0-0 a5 12. Rfe1 a4 13. Rab1 axb3 14. Bxb3 Bd7 15. Nc4 Nxc4 16. Bxc4 Qc7 17. Bc3 Ra7 18. Rb2 Rfa8 19. Reb1 Bh6 20. h3 Nh5 21. Kh2 Nf4 22. Bd2 Ra3 23. Bc1 Rxf3 24. gxf3 Bc8 25. Bb5 e5 26. Bc6 Qe7 27. Bxf4 Bxf4+ 28. Kg2 Qh4 29. Rh1 Qg5+ 30. Kf1 Ba6+ 31. Bb5 Bc8 32. h4 Qh5 33. Ke2 Kg7 34. a4 f5 35. Bd3 fxe4 36. Bxe4 Ba6+ 37. Ke1 Bg5 38. Kd1 Bxh4 39. Rb6 Qg5 40. Qd2 Qxd2+ 41. Kxd2 Bxf2 42. Rxd6 Ra7 43. Rb1 Bd4 44. Bc2 h5 45. Rbb6 Kf8 46. Bxg6 Kg7 47. Bc2 h4 48. Rg6+ Kf8 49. Rh6 Ra8 50. Rh7 Kg8 1-0

[Event "Santiago Endesa 04"]
[Site "Santiago de Chile"]
[Date "2007.05.02"]
[Round "4"]
[White "Rakela Rodriguez, Juan"]
[Black "Yarur Elsaca, Daniel"]
[Result "1-0"]
[WhiteElo "1986"]
[BlackElo "1913"]
[PlyCount "99"]
[EventDate "2007.04.18"]
[EventType "tourn"]
[EventRounds "9"]
[EventCountry "CHI"]
[SourceTitle "EXT 2008"]
[Source "ChessBase"]
[SourceDate "2007.11.25"]
[SourceVersion "1"]
[SourceVersionDate "2007.11.25"]
[SourceQuality "1"]

1. d4 Nf6 2. c4 g6 3. Nc3 Bg7 4. e4 d6 5. f3 0-0 6. Be3 e5 7. Nge2 Nc6 8. Qd2 Nd7 9. d5 Na5 10. Nc1 b6 11. h4 f5 12. Bg5 Nf6 13. b4 Nb7 14. Nb3 a5 15. b5 a4 16. Nc1 Nc5 17. Nd3 fxe4 18. Nxc5 bxc5 19. Nxe4 Bf5 20. Bd3 Qd7 21. Bxf6 Bxf6 22. g4 Bxe4 23. Bxe4 Qe7 24. g5 Bh8 25. a3 Rf4 26. 0-0-0 Raf8 27. Rh3 Qg7 28. Qd3 Qd7 29. Rdh1 R8f5 30. h5 Rxg5 31. hxg6 Rg1+ 32. Rxg1 Qxh3 33. gxh7+ Kf7 34. Qe2 Qh6 35. Kc2 Rh4 36. Rg2 Rh1 37. Qd2 Qxd2+ 38. Rxd2 Kg7 39. Rg2+ Kf6 40. Rg8 Bg7 41. Rc8 Rh2+ 42. Kc3 Rh1 43. Rxc7 Rc1+ 44. Bc2 Rf1 45. b6 Rxf3+ 46. Kd2 Rxa3 47. b7 Bh6+ 48. Ke2 Re3+ 49. Kf2 Ra3 50. h8Q+ 1-0